000
00340nam a2200133Ia 4500
008
240624s9999 xx 000 0 und d
041
_a
eng
082
_a
339 MAN
100
_a
MANKIW GREGORY
245
_a
PRINCIPLES OF MACROECONOMICS
250
_a
(4th ed.)
260
_c
2007
_a
Australia
_b
Cengage Learning
300
_a
583 : p. : cm. ; 24
999
_c
11842
_d
11842